[Event "CZECH OPEN 2011 "]
[Site "Pardubice (CZE)"]
[Date "2011.07.22"]
[Round "1.53"]
[White "Bryzgalin, Kirill"]
[Black "Prieto Aranguren, Alain"]
[Result "1-0"]
[WhiteElo "2469"]
[BlackElo "2243"]
[PlyCount "91"]
[EventDate "2011.07.22"]

1. d4 Nf6 2. Nf3 g6 3. Bg5 Bg7 4. Nbd2 c5 5. c3 cxd4 6. cxd4 d5 7. e3 O-O 8.
Bd3 Nc6 9. O-O Bf5 10. Bxf5 gxf5 11. Bxf6 Bxf6 12. g3 e6 13. Ne1 Rc8 14. Nd3 b6
15. Kh1 Ne7 16. Nb1 Qd7 17. Nc3 Rc7 18. Rg1 Kh8 19. g4 fxg4 20. Qxg4 Ng6 21.
Qh5 Rg8 22. Rg3 Rg7 23. Rag1 Rc8 24. Qh6 Rcg8 25. Ne2 Qe7 26. Nef4 Nxf4 27.
Qxf4 Rxg3 28. hxg3 Rc8 29. Kg2 Bg5 30. Qg4 Rc2 31. Qd1 Qc7 32. Re1 f6 33. Nc5
Rxb2 34. Nxe6 Qd7 35. Qg4 Rc2 36. Qh3 Qc8 37. e4 dxe4 38. Rxe4 Rc1 39. Qh5 Qc6
40. Nxg5 fxg5 41. Qf3 Kg8 42. Qf5 Qg6 43. Qd5+ Kf8 44. Qd8+ Kg7 45. Qd7+ Kf8
46. Re6 1-0

[Event "CZECH OPEN 2011 "]
[Site "Pardubice (CZE)"]
[Date "2011.07.22"]
[Round "1.54"]
[White "Kratochvil, Karel"]
[Black "Levin, Evgeny"]
[Result "0-1"]
[WhiteElo "2242"]
[BlackElo "2465"]
[PlyCount "74"]
[EventDate "2011.07.22"]

1. e4 e6 2. d3 d5 3. Nd2 Nf6 4. Ngf3 Nc6 5. e5 Nd7 6. d4 f6 7. exf6 Qxf6 8. c3
Bd6 9. Be2 O-O 10. O-O e5 11. dxe5 Ndxe5 12. Nb3 Ne7 13. Nxe5 Qxe5 14. f4 Qf6
15. Nd4 c5 16. Nb5 Bb8 17. Be3 a6 18. Na3 Ba7 19. Nc2 Be6 20. g3 Rad8 21. Bd3
d4 22. cxd4 Nf5 23. Bf2 cxd4 24. Re1 Rfe8 25. Qf3 Qf7 26. b3 Ne3 27. Bxe3 dxe3
28. Be4 h5 29. f5 Bd5 30. Bxd5 Rxd5 31. f6 g6 32. Nb4 Rf5 33. Qe2 Rxf6 34. Rac1
Rf2 35. Qc4 e2 36. Qxf7+ Rxf7+ 37. Kg2 Bf2 0-1

[Event "CZECH OPEN 2011 "]
[Site "Pardubice (CZE)"]
[Date "2011.07.22"]
[Round "1.55"]
[White "Smith, Axel"]
[Black "Gruenter, Martin"]
[Result "1-0"]
[WhiteElo "2465"]
[BlackElo "2241"]
[PlyCount "71"]
[EventDate "2011.07.22"]

1. d4 Nf6 2. c4 e6 3. Nf3 c5 4. d5 b5 5. Bg5 exd5 6. cxd5 d6 7. e4 a6 8. a4 Be7
9. Bxf6 Bxf6 10. axb5 Bxb2 11. Ra2 Bf6 12. Nbd2 Bb7 13. Qb3 O-O 14. Bd3 axb5
15. Rxa8 Bxa8 16. Qxb5 Qc7 17. O-O Bb7 18. Rb1 Ba6 19. Qb3 Bxd3 20. Qxd3 Nd7
21. Qa6 Rb8 22. Rxb8+ Nxb8 23. Qb5 g6 24. Nc4 Be7 25. Qe8+ Kg7 26. e5 dxe5 27.
Nfxe5 Bf8 28. h3 f6 29. Nc6 Qf4 30. Ne3 Nxc6 31. dxc6 Qd6 32. g3 Be7 33. Nd5
Bd8 34. Nf4 Bb6 35. Ne6+ Kh6 36. Qd7 1-0

[Event "CZECH OPEN 2011 "]
[Site "Pardubice (CZE)"]
[Date "2011.07.22"]
[Round "1.56"]
[White "Pfretzschner, Roland"]
[Black "Rozum, Ivan"]
[Result "1/2-1/2"]
[WhiteElo "2240"]
[BlackElo "2464"]
[PlyCount "66"]
[EventDate "2011.07.22"]

1. e4 c6 2. d4 d5 3. exd5 cxd5 4. c4 Nf6 5. Nc3 e6 6. Nf3 Bb4 7. cxd5 Nxd5 8.
Qc2 Nc6 9. Bd3 Ba5 10. a3 Nf6 11. O-O h6 12. Bf4 O-O 13. Rad1 Bd7 14. Rfe1 Rc8
15. Qd2 Ne7 16. Bb1 Nf5 17. b4 Bc7 18. Ne5 Bb6 19. d5 Bd4 20. Ne2 Bxe5 21. Bxe5
exd5 22. Nd4 Ne4 23. Bxe4 dxe4 24. Rxe4 Re8 25. Nxf5 Bxf5 26. Rd4 Qe7 27. Bf4
Rc2 28. Qe3 Qxe3 29. Bxe3 Ra2 30. Rd5 Bg4 31. Rd8 Rxd8 32. Rxd8+ Kh7 33. h3 Be6
1/2-1/2

[Event "CZECH OPEN 2011 "]
[Site "Pardubice (CZE)"]
[Date "2011.07.22"]
[Round "1.58"]
[White "Mirzoeva, Elmira"]
[Black "Andreev, Eduard"]
[Result "0-1"]
[WhiteElo "2234"]
[BlackElo "2458"]
[PlyCount "80"]
[EventDate "2011.07.22"]

1. d4 Nf6 2. Nf3 e6 3. c4 c5 4. d5 d6 5. Nc3 exd5 6. cxd5 g6 7. Bf4 Bg7 8. Qa4+
Bd7 9. Qb3 b5 10. e3 c4 11. Qa3 O-O 12. Bxd6 a5 13. Nd4 b4 14. Bxb4 axb4 15.
Qxa8 bxc3 16. bxc3 Ne4 17. Qa3 Qg5 18. g3 Re8 19. Qb2 Nxc3 20. Qxc3 Qxd5 21.
Rg1 Bxd4 22. O-O-O Bxc3 23. Rxd5 Be6 24. Rb5 Nd7 25. Bg2 Bf6 26. f4 Rc8 27. Rd1
Nc5 28. e4 Nd3+ 29. Kb1 Bg4 30. Rd2 Ne1 31. Bf1 Bc3 32. Rd6 Bf3 33. e5 Be4+ 34.
Kc1 Nd3+ 35. Kc2 Ba1 36. Kd1 Ra8 37. e6 fxe6 38. Rxe6 Bf5 39. Re7 Rd8 40. Kc2
Nb4+ 0-1

[Event "CZECH OPEN 2011 "]
[Site "Pardubice (CZE)"]
[Date "2011.07.22"]
[Round "1.72"]
[White "Schueler, Hendrik"]
[Black "Potapov, Alexander"]
[Result "0-1"]
[WhiteElo "2216"]
[BlackElo "2418"]
[PlyCount "100"]
[EventDate "2011.07.22"]

1. d4 f5 2. Bg5 g6 3. e3 Bg7 4. Bd3 d6 5. Ne2 Nf6 6. Nd2 e5 7. dxe5 dxe5 8. e4
Nc6 9. exf5 gxf5 10. Ng3 e4 11. Bc4 Qd6 12. O-O Bd7 13. Nh5 Nxh5 14. Qxh5+ Qg6
15. Qxg6+ hxg6 16. c3 Rh5 17. f4 Nd8 18. Rfe1 Bc6 19. g4 Rh3 20. Kg2 Rh7 21.
Kg3 Nf7 22. h4 Nxg5 23. hxg5 O-O-O 24. Be6+ Kb8 25. Nf1 Rdh8 26. gxf5 Rh3+ 27.
Kf2 Rf3+ 28. Ke2 gxf5 29. Bxf5 Rxf4 30. Be6 Rh5 31. Rad1 a5 32. Kd2 Rxg5 33.
Ne3 Bh6 34. Kc2 Ba4+ 35. Bb3 Rf2+ 36. Kb1 Bc6 37. Rd8+ Ka7 38. Bd5 Rd2 39. c4
Bg7 40. Nd1 Rgg2 41. Bxc6 Rxd8 42. Bxe4 Rh2 43. Bf3 Rd3 44. Rf1 Rdd2 45. Rg1
Bxb2 46. Rg5 Rc2 47. Rxa5+ Kb8 48. Nxb2 Rxb2+ 49. Ka1 Rbc2 50. Rb5 c6 0-1

[Event "CZECH OPEN 2011 "]
[Site "Pardubice (CZE)"]
[Date "2011.07.22"]
[Round "1.74"]
[White "Engelmann, Jakob"]
[Black "Mishuchkov, Nikolay"]
[Result "1-0"]
[WhiteElo "2213"]
[BlackElo "2415"]
[PlyCount "107"]
[EventDate "2011.07.22"]

1. c4 e5 2. g3 Nc6 3. Bg2 Nf6 4. Nc3 Bc5 5. d3 O-O 6. Nf3 d6 7. O-O a6 8. a3
Ba7 9. b4 h6 10. Bb2 Bg4 11. Rc1 Qd7 12. Re1 Rae8 13. e3 Nd8 14. Nd5 Nxd5 15.
cxd5 c6 16. dxc6 Nxc6 17. Qa4 Ne7 18. Qxd7 Bxd7 19. Nd2 Bc6 20. Bh3 Rd8 21. Nc4
Bd7 22. Bf1 Be6 23. Na5 Rd7 24. Bg2 Bd5 25. Bh3 Be6 26. Bxe6 fxe6 27. Re2 Rc8
28. Rxc8+ Nxc8 29. Rc2 Ne7 30. Kg2 Kf7 31. Kf3 g6 32. Nc4 Nc6 33. Nd2 Ke7 34.
Ne4 Bb6 35. h4 h5 36. Rc1 Nd8 37. Rc8 d5 38. Ng5 d4 39. Ke4 Nf7 40. Nxf7 Kxf7
41. Rc4 g5 42. hxg5 Kg6 43. exd4 Kxg5 44. Kxe5 Rf7 45. Bc1+ Kg6 46. Be3 h4 47.
gxh4 Rf3 48. Kxe6 Rh3 49. d5 Bxe3 50. fxe3 Rxe3+ 51. Kd7 Rxd3 52. d6 b5 53. Rc1
Rxa3 54. Kc7 1-0

[Event "CZECH OPEN 2011 "]
[Site "Pardubice (CZE)"]
[Date "2011.07.22"]
[Round "1.75"]
[White "Samolins, Vitalijs"]
[Black "Aliev, Rasim"]
[Result "1-0"]
[WhiteElo "2412"]
[BlackElo "2211"]
[PlyCount "79"]
[EventDate "2011.07.22"]

1. e4 c6 2. d3 d5 3. Nd2 Nf6 4. Ngf3 Bg4 5. Be2 e6 6. O-O Be7 7. b3 O-O 8. Bb2
c5 9. Ne5 Bxe2 10. Qxe2 Nc6 11. Nxc6 bxc6 12. f4 Nd7 13. Qg4 g6 14. a4 Bf6 15.
e5 Bg7 16. Rae1 Qa5 17. Qe2 Rfe8 18. Nf3 Qb4 19. Qd2 Bh6 20. g3 a6 21. Bc3 Qb7
22. h4 Bf8 23. Qe2 Rab8 24. h5 c4 25. dxc4 Nc5 26. hxg6 hxg6 27. Ng5 Bh6 28.
Bd4 Qe7 29. Nf3 Ne4 30. Kg2 c5 31. Ba1 Qb7 32. cxd5 exd5 33. c4 f5 34. exf6
Qxb3 35. f7+ Kxf7 36. Ne5+ Kg8 37. Qg4 Qc2+ 38. Re2 Qb3 39. Qxg6+ Bg7 40. Qf7+
1-0

[Event "CZECH OPEN 2011 "]
[Site "Pardubice (CZE)"]
[Date "2011.07.22"]
[Round "1.78"]
[White "Slacky, Stanislav"]
[Black "Sergienko, Sergey"]
[Result "0-1"]
[WhiteElo "2205"]
[BlackElo "2411"]
[PlyCount "80"]
[EventDate "2011.07.22"]

1. d4 Nf6 2. c4 e6 3. Nf3 a6 4. g3 b5 5. b3 Bb7 6. Bg2 bxc4 7. bxc4 c5 8. O-O
cxd4 9. Nxd4 Bxg2 10. Kxg2 Be7 11. Bf4 O-O 12. Nd2 Qb6 13. N2f3 Nc6 14. Rb1 Qc5
15. Nxc6 Qxc6 16. Qd3 Rac8 17. Rfc1 d6 18. Qa3 Nd7 19. Kg1 Nc5 20. Be3 h6 21.
Nd4 Qa8 22. Nb3 Ne4 23. f3 Nf6 24. Na5 Rc7 25. Bb6 Rd7 26. Qa4 Rc8 27. Bd4 e5
28. Bf2 Bd8 29. c5 dxc5 30. Rxc5 Rxc5 31. Bxc5 Qd5 32. Nb3 e4 33. Qxa6 exf3 34.
exf3 Qxf3 35. Qf1 Qh5 36. Kg2 Rd5 37. Bg1 Qg4 38. Qf3 Qa4 39. Rb2 Qc4 40. Nd2
Qc1 0-1

[Event "CZECH OPEN 2011 "]
[Site "Pardubice (CZE)"]
[Date "2011.07.22"]
[Round "1.79"]
[White "Ivanov, Mikhail M"]
[Black "Oganian, Miran"]
[Result "1/2-1/2"]
[WhiteElo "2410"]
[BlackElo "2204"]
[PlyCount "60"]
[EventDate "2011.07.22"]

1. d4 Nf6 2. Nf3 e6 3. c4 Bb4+ 4. Bd2 Qe7 5. g3 Nc6 6. Bg2 Bxd2+ 7. Nbxd2 d6 8.
O-O a5 9. e4 e5 10. d5 Nb8 11. Ne1 O-O 12. Nd3 Bg4 13. f3 Bd7 14. f4 Na6 15.
Qe2 Rfe8 16. h3 exf4 17. gxf4 Nxe4 18. Nxe4 f5 19. Rae1 fxe4 20. Bxe4 Bf5 21.
Nf2 Nc5 22. Bf3 Qxe2 23. Bxe2 Kf7 24. Kg2 g6 25. Bg4 Kf6 26. Bxf5 gxf5 27. Kf3
Rg8 28. b3 Rab8 29. Rg1 Rg6 30. h4 Rbg8 1/2-1/2

[Event "CZECH OPEN 2011 "]
[Site "Pardubice (CZE)"]
[Date "2011.07.22"]
[Round "1.97"]
[White "Studnicka, Tomas"]
[Black "Mareckova, Martina"]
[Result "1-0"]
[WhiteElo "2374"]
[BlackElo "2154"]
[PlyCount "49"]
[EventDate "2011.07.22"]

1. d4 Nf6 2. c4 g6 3. Nc3 Bg7 4. e4 d6 5. Be2 O-O 6. Bg5 c5 7. d5 e6 8. Qd2
exd5 9. exd5 Nbd7 10. Nf3 Re8 11. O-O Ne5 12. Nxe5 Rxe5 13. Bd3 Qf8 14. f4 Re8
15. f5 Ng4 16. Nb5 Bd7 17. fxg6 hxg6 18. Bxg6 Bxb5 19. Bxf7+ Kh8 20. cxb5 Bd4+
21. Kh1 Qg7 22. Qf4 Re5 23. Qxg4 Qxg5 24. Qh3+ Kg7 25. Be6 1-0

[Event "CZECH OPEN 2011 "]
[Site "Pardubice (CZE)"]
[Date "2011.07.22"]
[Round "1.91"]
[White "Ponizil, Cyril"]
[Black "Frisk, Ellinor"]
[Result "1-0"]
[WhiteElo "2388"]
[BlackElo "2176"]
[PlyCount "79"]
[EventDate "2011.07.22"]

1. e4 d5 2. exd5 Nf6 3. c4 c6 4. d4 cxd5 5. Nc3 g6 6. Qb3 Bg7 7. cxd5 O-O 8.
Nge2 Na6 9. Nf4 Qb6 10. Be3 Qxb3 11. axb3 Nb4 12. Kd2 Rd8 13. Bc4 Bf5 14. Ra5
a6 15. h3 g5 16. Nd3 Nxd3 17. Bxd3 Bxd3 18. Kxd3 b6 19. Raa1 h6 20. h4 g4 21.
Rhc1 b5 22. d6 exd6 23. Ne4 Nd5 24. Ng3 Re8 25. Bd2 Bf6 26. Nf5 h5 27. g3 Ne7
28. Nxe7+ Rxe7 29. Rc6 Re6 30. Rcxa6 Rxa6 31. Rxa6 d5 32. Ra8+ Kg7 33. Rb8 Re4
34. Be3 Bxh4 35. gxh4 f5 36. Rxb5 f4 37. Rxd5 fxe3 38. fxe3 Re6 39. Rxh5 g3 40.
Rg5+ 1-0

[Event "CZECH OPEN 2011 "]
[Site "Pardubice (CZE)"]
[Date "2011.07.22"]
[Round "1.95"]
[White "Gorbatov, Alexej"]
[Black "Radovic, Stefan"]
[Result "1/2-1/2"]
[WhiteElo "2375"]
[BlackElo "2158"]
[PlyCount "88"]
[EventDate "2011.07.22"]

1. e4 c5 2. Nf3 g6 3. c4 Nc6 4. d4 cxd4 5. Nxd4 Nf6 6. Nc3 Nxd4 7. Qxd4 d6 8.
Be2 Bg7 9. Bd2 O-O 10. Qe3 Be6 11. Rc1 Qb6 12. Qxb6 axb6 13. b3 Nd7 14. Rc2 f5
15. Nd5 fxe4 16. Nxe7+ Kf7 17. Nd5 Bxd5 18. cxd5 Rfc8 19. Rxc8 Rxc8 20. Bg4 Rc7
21. Ke2 Ne5 22. Be6+ Ke7 23. Rc1 Rxc1 24. Bxc1 Nd3 25. Be3 b5 26. Kd2 b4 27. h4
Bc3+ 28. Ke2 Bf6 29. g3 Nc5 30. Bc8 Kd8 31. Bh3 Ke7 32. Bg2 Bc3 33. g4 Bf6 34.
g5 Bc3 35. Bh3 Nd3 36. f4 Be1 37. h5 Bg3 38. f5 Nf4+ 39. Bxf4 Bxf4 40. fxg6
hxg6 41. h6 Kf8 42. Bg2 Bxg5 43. Bxe4 Bxh6 44. Bxg6 Ke7 1/2-1/2

[Event "CZECH OPEN 2011 "]
[Site "Pardubice (CZE)"]
[Date "2011.07.22"]
[Round "1.96"]
[White "Pekar, Vaclav"]
[Black "Kulhanek, Tomas"]
[Result "0-1"]
[WhiteElo "2155"]
[BlackElo "2375"]
[PlyCount "83"]
[EventDate "2011.07.22"]

1. d4 Nf6 2. c4 g6 3. Nc3 Bg7 4. e4 O-O 5. Nf3 d6 6. Be2 e5 7. Be3 h6 8. dxe5
Ng4 9. Bf4 Nxe5 10. O-O Nbc6 11. Qd2 g5 12. Bg3 Be6 13. Nd5 Qd7 14. Rac1 Rae8
15. c5 Nxf3+ 16. Bxf3 Nd4 17. cxd6 Bxd5 18. Rxc7 Qb5 19. exd5 Re2 20. Qd1 Rxb2
21. a4 Qa5 22. d7 Rd2 23. Qb1 Nxf3+ 24. gxf3 Qxd5 25. Qxb7 Rd8 26. Qxd5 Rxd5
27. Rxa7 R8xd7 28. Rxd7 Rxd7 29. Rc1 f5 30. Bc7 Rd2 31. a5 Bd4 32. Bb6 Kf7 33.
Rc4 Bxb6 34. axb6 Rb2 35. Rc7+ Kf6 36. Rc6+ Kg7 37. Rc7+ Kf6 38. b7 Ke5 39. Kg2
Kf4 40. Rc4+ Ke5 41. Rc7 Kf4 42. Rc4+ 0-1

[Event "CZECH OPEN 2011 "]
[Site "Pardubice (CZE)"]
[Date "2011.07.22"]
[Round "1.100"]
[White "Cizinsky, Petr"]
[Black "Andre, Gordon"]
[Result "0-1"]
[WhiteElo "2148"]
[BlackElo "2368"]
[PlyCount "90"]
[EventDate "2011.07.22"]

1. e4 e6 2. d4 d5 3. Nc3 Bb4 4. e5 c5 5. a3 Ba5 6. dxc5 Bxc3+ 7. bxc3 Qa5 8.
Bd2 Ne7 9. Qg4 O-O 10. Bd3 Nd7 11. Nf3 Ng6 12. Bxg6 hxg6 13. h4 Qxc5 14. h5 Qc4
15. Qxc4 dxc4 16. hxg6 fxg6 17. Rb1 b6 18. Rh4 Bb7 19. Rd4 Bxf3 20. Rxd7 Bxg2
21. Be3 Rfd8 22. Rd4 Rd5 23. Rxd5 Bxd5 24. Kd2 Bc6 25. Bd4 Kf7 26. Rg1 Rh8 27.
a4 Rh1 28. Rxh1 Bxh1 29. a5 bxa5 30. Bxa7 g5 31. Ke3 a4 32. Bc5 Kg6 33. Kd4 Bd5
34. Ba3 Kf5 35. Bc1 Kg4 36. Ke3 Kf5 37. Kd4 g4 38. Ke3 Kxe5 39. Ba3 Kf5 40. Bd6
e5 41. Be7 Be4 42. Kd2 Kf4 43. Bh4 Kf3 44. Kc1 Bc6 45. Kb2 e4 0-1

[Event "CZECH OPEN 2011 "]
[Site "Pardubice (CZE)"]
[Date "2011.07.23"]
[Round "2.1"]
[White "Stella, Andrea"]
[Black "Schlosser, Philipp"]
[Result "1/2-1/2"]
[WhiteElo "2412"]
[BlackElo "2599"]
[PlyCount "152"]
[EventDate "2011.07.22"]

1. e4 c5 2. c3 d5 3. exd5 Qxd5 4. d4 Nf6 5. Nf3 e6 6. Be3 cxd4 7. cxd4 Nc6 8.
Nc3 Qd6 9. Bd3 g6 10. O-O Bg7 11. a3 O-O 12. Qe2 Ne7 13. Nd2 Nfd5 14. Nc4 Qd8
15. Rad1 b6 16. Bg5 Bb7 17. Ne3 Nxc3 18. bxc3 Qd6 19. Bxe7 Qxe7 20. Ba6 Rfd8
21. a4 Rac8 22. Rc1 Rc6 23. Rfd1 Ba8 24. Bb5 Rc7 25. Qa2 Bh6 26. Bf1 e5 27.
dxe5 Rxd1 28. Rxd1 Bxe3 29. fxe3 Kg7 30. a5 Qxe5 31. axb6 Qxe3+ 32. Qf2 Qxf2+
33. Kxf2 axb6 34. c4 Rc6 35. Rd7 Rf6+ 36. Kg1 Be4 37. Rc7 Rc6 38. Rb7 g5 39.
Be2 Kg6 40. Rb8 f5 41. g3 Kf6 42. Rh8 Rc7 43. Rb8 Rb7 44. Rd8 Ke5 45. Kf2 Rc7
46. Rg8 h6 47. Ke3 f4+ 48. gxf4+ gxf4+ 49. Kf2 Rc6 50. Re8+ Re6 51. Rc8 Kd4 52.
Rd8+ Kc3 53. Rc8 Rc6 54. Rf8 f3 55. Bf1 Rd6 56. Rc8 Bb7 57. Rc7 Bc6 58. Ke3
Re6+ 59. Kf2 Kd4 60. Rf7 Kc5 61. Rf5+ Kb4 62. Rh5 Kc3 63. Rh4 Rf6 64. Rh5 Kd4
65. Rh4+ Be4 66. Rh5 Bf5 67. Rh4+ Kc3 68. Rf4 Rf7 69. c5 bxc5 70. Rc4+ Kd2 71.
Rxc5 Be4 72. Re5 Rf4 73. Re6 h5 74. Rd6+ Kc3 75. Ke3 Rg4 76. h3 Rg1 1/2-1/2

[Event "CZECH OPEN 2011 "]
[Site "Pardubice (CZE)"]
[Date "2011.07.23"]
[Round "2.2"]
[White "Zakhartsov, Viacheslav"]
[Black "Samolins, Vitalijs"]
[Result "1-0"]
[WhiteElo "2578"]
[BlackElo "2412"]
[PlyCount "87"]
[EventDate "2011.07.22"]

1. d4 f5 2. Nc3 Nf6 3. Bg5 d5 4. Bxf6 exf6 5. e3 Be6 6. Bd3 Qd7 7. Nge2 Nc6 8.
a3 Bd6 9. O-O O-O 10. Na4 b6 11. b3 Na5 12. Nb2 b5 13. c3 c6 14. Qc2 Rab8 15.
Nf4 g6 16. Be2 Bf7 17. Nfd3 Qe7 18. Nb4 Rfe8 19. Rfe1 Rbc8 20. N2d3 Nb7 21. Na6
g5 22. a4 Bg6 23. Qd2 bxa4 24. b4 Qg7 25. Bf1 Re7 26. Rxa4 Rce8 27. Raa1 f4 28.
exf4 Bxd3 29. Rxe7 Qxe7 30. Qxd3 Bxf4 31. g3 Bd6 32. Qf3 Kg7 33. Bd3 Qd7 34.
Qh5 Rh8 35. Re1 Nd8 36. Kg2 Nf7 37. h4 Qd8 38. hxg5 Nxg5 39. Bf5 Qb6 40. Nc5
Bxc5 41. dxc5 Qc7 42. f4 Ne4 43. Bxe4 dxe4 44. Qg4+ 1-0

[Event "CZECH OPEN 2011 "]
[Site "Pardubice (CZE)"]
[Date "2011.07.23"]
[Round "2.4"]
[White "Jaracz, Pawel"]
[Black "Voloshin, Leonid"]
[Result "1/2-1/2"]
[WhiteElo "2575"]
[BlackElo "2411"]
[PlyCount "23"]
[EventDate "2011.07.22"]

1. e4 c5 2. Nf3 Nc6 3. d4 cxd4 4. Nxd4 e5 5. Nb5 d6 6. N5c3 Nf6 7. Bc4 Be7 8.
O-O O-O 9. Bg5 Be6 10. Bxf6 Bxc4 11. Bxe7 Nxe7 12. Re1 1/2-1/2

[Event "CZECH OPEN 2011 "]
[Site "Pardubice (CZE)"]
[Date "2011.07.23"]
[Round "2.5"]
[White "Plat, Vojtech"]
[Black "Vorobiov, Evgeny E"]
[Result "1/2-1/2"]
[WhiteElo "2410"]
[BlackElo "2574"]
[PlyCount "54"]
[EventDate "2011.07.22"]

1. e4 c5 2. Nf3 Nc6 3. d4 cxd4 4. Nxd4 Nf6 5. Nc3 d6 6. Be2 e6 7. O-O Be7 8.
Be3 O-O 9. Kh1 Nxd4 10. Bxd4 b6 11. f4 Bb7 12. Bf3 Rc8 13. Qe1 Nd7 14. Rd1 Qc7
15. Qg3 e5 16. fxe5 Nxe5 17. Rf2 a6 18. Rfd2 Bc6 19. a4 b5 20. axb5 axb5 21.
Be2 b4 22. Nb5 Bxb5 23. Bxb5 Qb7 24. Bd3 Bf6 25. b3 Qe7 26. Qh3 g6 27. Rf1 Bg7
1/2-1/2

[Event "CZECH OPEN 2011 "]
[Site "Pardubice (CZE)"]
[Date "2011.07.23"]
[Round "2.7"]
[White "Antipov, Mikhail Al"]
[Black "Arutinian, David"]
[Result "1/2-1/2"]
[WhiteElo "2407"]
[BlackElo "2562"]
[PlyCount "40"]
[EventDate "2011.07.22"]

1. e4 c6 2. d4 d5 3. e5 c5 4. dxc5 Nc6 5. Bb5 e6 6. Bxc6+ bxc6 7. b4 Qh4 8. c3
Qe4+ 9. Qe2 Qxg2 10. Qf3 Qxf3 11. Nxf3 Ne7 12. Nd4 f6 13. f4 Bd7 14. Nd2 Ng6
15. N2f3 Be7 16. h4 fxe5 17. fxe5 O-O 18. Bg5 Bxg5 19. hxg5 Rf4 20. Kd2 Raf8
1/2-1/2

[Event "CZECH OPEN 2011 "]
[Site "Pardubice (CZE)"]
[Date "2011.07.23"]
[Round "2.8"]
[White "Maslak, Konstantin"]
[Black "Biolek-Jun., Richard"]
[Result "1-0"]
[WhiteElo "2561"]
[BlackElo "2409"]
[PlyCount "67"]
[EventDate "2011.07.22"]

1. d4 Nc6 2. Nf3 d5 3. c4 Bg4 4. Nc3 e6 5. Bf4 Bxf3 6. gxf3 dxc4 7. e3 Nf6 8.
Bxc4 Bd6 9. Bg3 O-O 10. O-O e5 11. dxe5 Nxe5 12. Be2 a6 13. Qb3 Qc8 14. Rfd1 h5
15. Nd5 Qe6 16. Nxf6+ Qxf6 17. f4 Ng4 18. Rd5 Qh6 19. Bh4 Rae8 20. h3 Nf6 21.
Bxf6 Qxf6 22. Bxh5 Re4 23. Rd2 Rb4 24. Qc3 Qh6 25. Bg4 Rb6 26. Rd5 Bb4 27. Qc2
Rg6 28. Kg2 c6 29. Rf5 Qh4 30. Qe2 Rd8 31. Rd1 Rxd1 32. Qxd1 Be1 33. Kh1 Bxf2
34. Qd7 1-0

[Event "CZECH OPEN 2011 "]
[Site "Pardubice (CZE)"]
[Date "2011.07.23"]
[Round "2.9"]
[White "Panchanathan, Magesh Chandran"]
[Black "Zpevak, Pavel"]
[Result "1-0"]
[WhiteElo "2556"]
[BlackElo "2409"]
[PlyCount "83"]
[EventDate "2011.07.22"]

1. d4 Nf6 2. Nf3 g6 3. g3 Bg7 4. Bg2 O-O 5. O-O c6 6. c4 d6 7. Nc3 Qa5 8. h3
Be6 9. Nd2 Na6 10. d5 cxd5 11. Nb3 Qb4 12. cxd5 Bd7 13. a3 Qc4 14. Be3 Rfc8 15.
Rc1 Nc7 16. Nd4 Qa6 17. Qb3 Rab8 18. Rfd1 Qa5 19. Qa2 Na8 20. b4 Qd8 21. a4 a5
22. Qb3 axb4 23. Qxb4 Nc7 24. Nb3 Na6 25. Qh4 Qe8 26. a5 Bb5 27. Nd4 Ba4 28.
Nxa4 Qxa4 29. Ra1 Qd7 30. Rab1 Rc4 31. g4 Qa4 32. Ra1 Qe8 33. Bh6 Bh8 34. e3
Nb4 35. Qg5 Nd7 36. Rab1 Nc5 37. Bf1 Bf6 38. Qf4 Nxd5 39. Qf3 Qa4 40. Qxd5 Rc3
41. Nb5 Rc2 42. Nxd6 1-0

[Event "CZECH OPEN 2011 "]
[Site "Pardubice (CZE)"]
[Date "2011.07.23"]
[Round "2.11"]
[White "Chernyshov, Konstantin"]
[Black "Pacher, Milan"]
[Result "1/2-1/2"]
[WhiteElo "2552"]
[BlackElo "2408"]
[PlyCount "51"]
[EventDate "2011.07.22"]

1. Nf3 d5 2. b3 Nf6 3. Bb2 e6 4. e3 Bd6 5. d4 Ne4 6. Nbd2 f5 7. Bd3 O-O 8. O-O
Bd7 9. Ne5 Be8 10. f3 Nxd2 11. Qxd2 Bxe5 12. dxe5 c5 13. Rad1 Nc6 14. c4 d4 15.
exd4 Nxd4 16. Bb1 Rf7 17. Qf2 Rd7 18. Rd3 Qb6 19. Rfd1 Rad8 20. Bc3 Qc7 21.
Bxd4 cxd4 22. Rxd4 Qxe5 23. Rxd7 Rxd7 24. Re1 Qa5 25. Kf1 Bf7 26. Re2 1/2-1/2

[Event "CZECH OPEN 2011 "]
[Site "Pardubice (CZE)"]
[Date "2011.07.23"]
[Round "2.13"]
[White "Schmidt-Schaeffer, Sebastian"]
[Black "Shanava, Konstantine"]
[Result "0-1"]
[WhiteElo "2385"]
[BlackElo "2535"]
[PlyCount "44"]
[EventDate "2011.07.22"]

1. f4 g6 2. Nf3 Bg7 3. e3 Nf6 4. Be2 O-O 5. O-O c5 6. d4 d5 7. Qe1 Nc6 8. c3
Rb8 9. Nbd2 Qd6 10. Qh4 b5 11. a3 a5 12. Ne5 cxd4 13. cxd4 a4 14. g4 Qc7 15.
Nxc6 Qxc6 16. f5 gxf5 17. gxf5 Kh8 18. Kh1 Qc2 19. Qf2 Bh6 20. Bd1 Qd3 21. Nf3
Ng4 22. Qe2 Bxf5 0-1

[Event "CZECH OPEN 2011 "]
[Site "Pardubice (CZE)"]
[Date "2011.07.23"]
[Round "2.14"]
[White "Friedel, Joshua"]
[Black "Aliavdin, Nikolai"]
[Result "1-0"]
[WhiteElo "2531"]
[BlackElo "2392"]
[PlyCount "67"]
[EventDate "2011.07.22"]

1. e4 c5 2. Nf3 d6 3. d4 cxd4 4. Nxd4 Nf6 5. Nc3 a6 6. Be2 e6 7. O-O Be7 8. f4
Qc7 9. a4 O-O 10. Kh1 Nc6 11. Be3 Re8 12. Bf3 Na5 13. Nde2 Bf8 14. b3 Nd7 15.
Qe1 b6 16. Qf2 Bb7 17. f5 exf5 18. exf5 Bxf3 19. Qxf3 Qc6 20. Rad1 Rac8 21. Qg3
Qb7 22. Rd2 Kh8 23. Nd5 Rxc2 24. Rxc2 Qxd5 25. Rc7 Nf6 26. Nf4 Qxb3 27. Bd4
Qxg3 28. hxg3 Ne4 29. Kh2 Nc5 30. Rxf7 Kg8 31. Rc7 Nxa4 32. f6 gxf6 33. Nd5 Bg7
34. Bxf6 1-0

[Event "CZECH OPEN 2011 "]
[Site "Pardubice (CZE)"]
[Date "2011.07.23"]
[Round "2.15"]
[White "Alvarez Fernandez, Enrique"]
[Black "Teske, Henrik"]
[Result "0-1"]
[WhiteElo "2377"]
[BlackElo "2529"]
[PlyCount "92"]
[EventDate "2011.07.22"]

1. d4 Nf6 2. Nf3 c5 3. c3 b6 4. Bf4 Bb7 5. e3 d6 6. h3 g6 7. Be2 Bg7 8. O-O O-O
9. Nbd2 Nc6 10. Bh2 Rc8 11. a4 Nd7 12. Re1 d5 13. Qb3 e6 14. Bg3 h6 15. Qa2 f5
16. Bd6 Rf7 17. Nb3 Nf6 18. Bh2 Ne4 19. Nbd2 Qf8 20. Rf1 Kh7 21. Bb5 Na5 22.
Be2 Nc6 23. Bb5 Na5 24. Be2 c4 25. Qa3 Qe8 26. Nxe4 dxe4 27. Nd2 h5 28. Rfc1 e5
29. b4 cxb3 30. Nxb3 Nc4 31. Bxc4 Rxc4 32. Bxe5 Bxe5 33. dxe5 Qxe5 34. Nd4 f4
35. Qa2 Bd5 36. exf4 Qxf4 37. Qe2 Rxa4 38. g3 Rxa1 39. Rxa1 Qf6 40. h4 a5 41.
Rb1 Qd6 42. Qe3 a4 43. Nc2 Rf3 44. Rxb6 Qc7 45. Qd4 Rd3 46. Qb4 Rd1+ 0-1

[Event "CZECH OPEN 2011 "]
[Site "Pardubice (CZE)"]
[Date "2011.07.23"]
[Round "2.19"]
[White "Jojua, Davit"]
[Black "Studnicka, Tomas"]
[Result "1-0"]
[WhiteElo "2505"]
[BlackElo "2374"]
[PlyCount "161"]
[EventDate "2011.07.22"]

1. d4 Nf6 2. c4 g6 3. g3 c6 4. Bg2 d5 5. cxd5 cxd5 6. Nc3 Nc6 7. Nf3 Bg7 8. Ne5
O-O 9. O-O Bf5 10. Nxc6 bxc6 11. Bf4 Rc8 12. Rc1 Ne4 13. Na4 Re8 14. Re1 Nd6
15. b3 Nb5 16. Be3 Qa5 17. Bd2 Qd8 18. Be3 Qa5 19. Bd2 Qd8 20. e3 e5 21. dxe5
Bxe5 22. Bb4 Bf6 23. Nc3 Nxc3 24. Bxc3 Bxc3 25. Rxc3 Qa5 26. Qa1 Be6 27. Rd1
Red8 28. Rcd3 Bg4 29. Rc1 Be6 30. Rcd1 Bg4 31. R1d2 Bf5 32. Qc3 Qb6 33. Rd4 Be6
34. Rb4 Qc7 35. Qc5 Rb8 36. Ra4 Qb6 37. Rc2 Ra8 38. Rf4 Qxc5 39. Rxc5 Rac8 40.
Ra4 Rc7 41. Kf1 Kf8 42. Ra6 Rdc8 43. Ke2 Ke7 44. Kd3 Kd7 45. Rca5 Ra8 46. Kd4
Kd6 47. b4 Ke7 48. Kc5 Kd7 49. a3 Bg4 50. Bf1 Be6 51. Kd4 Ke7 52. Rc5 Rac8 53.
Bg2 Bg4 54. Bf1 Be6 55. Bd3 Kd7 56. Rca5 Ra8 57. Bc2 Bg4 58. Ba4 Bf3 59. Kc5 d4
60. Kxd4 f5 61. Rc5 Rac8 62. Rca5 Ra8 63. Rc5 Rac8 64. Kc3 Be2 65. Raa5 a6 66.
Bb3 Rb8 67. Bc4 Bxc4 68. Rxc4 Rb6 69. h4 Ke6 70. Rac5 h5 71. Rd4 Rb8 72. Ra5
Ra7 73. Rc5 Rc7 74. Kc4 Rf8 75. Ra5 Ra8 76. Kc5 Rd7 77. Kxc6 Rc8+ 78. Kb6 Rxd4
79. exd4 Rc2 80. Kxa6 Rxf2 81. b5 1-0